Statistics for Flags of French Colonies

Click here to take the quiz!

General Stats

  • This quiz has been taken 61 times
  • The average score is 5 of 15

Answer Stats

Answer% Correct
Tunisia
91%
Morocco
89%
Greater Lebanon
87%
Laos
62%
Gabon
36%
French Polynesia
34%
Wallis and Futuna
32%
Syrian Federation
19%
French Sudan
15%
Annam
13%
Damascus
9%
Alawite state
4%
Aleppo
4%
Togoland
4%
Jabal Druze
0%

Score Distribution

Percentile by Number Answered

Percent of People with Each Score

Your Score History

You have not taken this quiz